LEADER 01098nam a2200277 a 4500 001 000000132513 003 CaOOAMICUS 005 20130204113924.0 008 130204s2012 it u000 u ita r 020 $a978-88-10-94010-5 040 $aPUL$bita 082 04$a234.2 100 1 $aRey-Mermet, Théodule,$cC.SS.R.,$d1910-2002.$0(OLS)http://pul/name/41181 245 10$aCredere :$bil Credo, i sacramenti, il Vaticano II /$cThéodule Rey-Mermet. 260 $aBologna :$bEDB,$c©2012. 300 $a1135 p. ;$c25 cm 504 $aBibliografia in nota. 650 4$aFede$xCredo.$0(OLS)http://pul/subject/38799 850 $aPUL 852 $aPUL$W1$xSL Religione 3$y85$m234. 2 REYTH 1$j152497$qDDC 21$q $B151847$CPULBib$Z2$F151847 $H121496 $81 941 1 $a9 996 $6020$a978-88-10-94010-5$9(OLS)http://pul/number/151681 996 $6082$a234.2$9(OLS)http://pul/classification/592 996 $6245$aCredere :$bil Credo, i sacramenti, il Vaticano II$9(OLS)http://pul/title/167432 996 $6260$aBologna :$bEDB$9(OLS)http://pul/publisher/56073 LEADER 01431cam a2200313 a 4500 001 000000173854 003 CaOOAMICUS 005 20201016105953.0 008 201016s2018 xxuh u001 u eng r 020 $a978-0-8122-4985-9* 032 $aLibriCat 040 $aPUL$bita 082 04$a186.4 100 1 $aRobichaud, Denis.$0(OLS)http://pul/name/111701 245 00$aPlato's Persona : $bMarsilio Ficino, Renaissance Humanism, and Platonic Traditions / $cDenis J.-J. Robichaud. 260 $aPhiladelphia :$bUniversity of Pennsylvania Press,$c2018. 300 $a344 p. :$bfacs.;$a24 cm 504 $aBibliografia: p. [289]-316. 600 14$aFicino, Marsilio,$d1433-1499$xCritica e interpretazione.$0(OLS)http://pul/subject/2367 650 4$aFilosofia rinascimentale.$0(OLS)http://pul/subject/4774 650 4$aNeoplatonismo.$0(OLS)http://pul/subject/1935 850 $aPUL 852 $aPUL$W1$xSL Filosofia 3$y81$m186. 4 ROBDE 1$j197956$qDDC 21$B202669$CPULBib$Z2$F202669 $H134398 $82 941 1 $a9 996 $6020$a978-0-8122-4985-9*$9(OLS)http://pul/number/167747 996 $6082$a186.4$9(OLS)http://pul/classification/110 996 $6245$aPlato's Persona : $bMarsilio Ficino, Renaissance Humanism, and Platonic Traditions / $9(OLS)http://pul/title/215074 996 $6260$aPhiladelphia :$bUniversity of Pennsylvania Press$9(OLS)http://pul/publisher/69193